[Event "Titled Tue 26th Aug Late"]
[Site "chess.com INT"]
[Date "2025.08.26"]
[Round "1"]
[White "Tang, Andrew"]
[Black "Foldes, Marton Gabor"]
[Result "1-0"]
[WhiteTitle "GM"]
[BlackTitle "FM"]
[WhiteElo "2538"]
[BlackElo "2293"]
[WhiteFideId "2059630"]
[BlackFideId "794708"]
[EventDate "2025.08.26"]

1. d4 Nf6 2. c4 e6 3. Nc3 Bb4 4. Qc2 d5 5. cxd5 exd5 6. Bg5 h6 7. Bh4 c5 8. dxc5
g5 9. Bg3 Ne4 10. e3 Qa5 11. Rc1 Nc6 12. Bd3 Nxc3 13. bxc3 Bxc5 14. Ne2 O-O 15.
h4 g4 16. Bf4 h5 17. Ng3 d4 18. Nxh5 Qxc3+ 19. Qxc3 dxc3 20. Nf6+ Kg7 21. Ne4
Bb4 22. h5 Bf5 23. h6+ Kh8 24. Bc2 Rad8 25. O-O Ba3 26. Nxc3 Bxc1 27. Bxf5 Bb2
28. Ne4 Be5 29. Bg5 f6 30. Bh4 Nb4 31. Bxg4 Nxa2 32. f4 Nc3 33. Nc5 Bc7 34. Ne6
Bb6 35. Nxd8 Bxd8 36. Rc1 Nd5 37. Bf2 Bb6 38. Bf3 Nxe3 39. Bxb7 Kh7 40. Rc6 Ng4
41. Bxb6 axb6 42. Rxb6 Kxh6 43. Bf3 Ne3 44. Kf2 Nf5 45. g4 Ng7 46. Be4 1-0

[Event "Titled Tue 26th Aug Late"]
[Site "chess.com INT"]
[Date "2025.08.26"]
[Round "1"]
[White "Leiva, Gianmarco"]
[Black "Kalogridis, Themistoklis"]
[Result "1-0"]
[WhiteTitle "IM"]
[BlackTitle "FM"]
[WhiteElo "2379"]
[BlackElo "2295"]
[WhiteFideId "3804399"]
[BlackFideId "25841475"]
[EventDate "2025.08.26"]

1. e4 c5 2. Nf3 d6 3. c3 Nf6 4. h3 Nc6 5. Bd3 g6 6. Bc2 Bg7 7. d4 O-O 8. O-O
cxd4 9. cxd4 Nd7 10. Nc3 e5 11. Be3 Re8 12. Qd2 Nb6 13. Bb3 exd4 14. Nxd4 Ne5
15. Bg5 Qc7 16. Nd5 Nxd5 17. Bxd5 Be6 18. Rac1 Qb6 19. Nxe6 fxe6 20. Bb3 Nf7 21.
Be3 Qd8 22. f4 Qf6 23. f5 gxf5 24. exf5 exf5 25. Rc7 Re7 26. Rxe7 Qxe7 27. Rxf5
Rf8 28. Bxa7 Kh8 29. Bxf7 Rxf7 30. Rxf7 Qxf7 31. Qxd6 Bxb2 32. Bd4+ Bxd4+ 33.
Qxd4+ Kg8 34. Qg4+ Kh8 35. Qc8+ Kg7 36. Qc3+ Kh6 37. Qf3 Qxf3 38. gxf3 Kg5 39.
Kg2 Kf4 40. h4 b6 41. a4 Ke3 42. Kg3 h5 43. Kg2 Kf4 44. Kf2 Kf5 45. Ke3 Ke5 46.
f4+ Kf5 47. Kf3 Kg6 48. Ke4 Kf6 49. f5 Kg7 50. Ke5 Kf7 51. f6 Kf8 52. Ke6 Ke8
53. Kf5 Kf7 54. Kg5 Ke6 55. Kg6 1-0

[Event "Titled Tue 26th Aug Late"]
[Site "chess.com INT"]
[Date "2025.08.26"]
[Round "1"]
[White "Weisz, Bryan"]
[Black "Fernandes, Rogerio Paulo Muller"]
[Result "1-0"]
[WhiteElo "2078"]
[BlackElo "2241"]
[WhiteFideId "30934133"]
[BlackFideId "2101599"]
[EventDate "2025.08.26"]

1. e4 e6 2. d4 d5 3. Nc3 Bb4 4. e5 c5 5. Qg4 Kf8 6. dxc5 Bxc3+ 7. bxc3 Qa5 8.
Qb4 Qxb4 9. cxb4 Nc6 10. a3 Nxe5 11. Bb2 Nd7 12. Nf3 Ngf6 13. Bd3 Ke7 14. O-O a6
15. Rfe1 Nb8 16. c4 dxc4 17. Bxc4 Bd7 18. Nd4 Nc6 19. Nf5+ Kf8 20. Nd6 Nd8 21.
Rad1 Bc6 22. Rd3 Bd5 23. Bxd5 exd5 24. Rxd5 Nc6 25. Bxf6 gxf6 26. Nxb7 Kg7 27.
Nd6 Ne5 28. f4 Ng6 29. Nf5+ Kf8 30. Red1 1-0

[Event "Titled Tue 26th Aug Late"]
[Site "chess.com INT"]
[Date "2025.08.26"]
[Round "1"]
[White "Korchynskyi, Mykola"]
[Black "Ferrara, Enzo"]
[Result "1-0"]
[WhiteTitle "FM"]
[WhiteElo "2359"]
[BlackElo "2138"]
[WhiteFideId "34138005"]
[BlackFideId "137731"]
[EventDate "2025.08.26"]

1. d4 f5 2. c4 Nf6 3. Nc3 g6 4. g3 Bg7 5. Bg2 O-O 6. Nf3 d6 7. O-O c6 8. Qc2 Qc7
9. b3 e5 10. dxe5 dxe5 11. Bb2 e4 12. Nd4 Na6 13. e3 Qe7 14. a3 Nc5 15. Rfd1 Nd3
16. b4 Nxb2 17. Qxb2 Ng4 18. b5 Bd7 19. Rac1 Ne5 20. Qb3 Nd3 21. Rc2 Qf7 22. Bf1
c5 23. Nde2 Be6 24. Nd5 g5 25. Rxd3 exd3 26. Qxd3 Rad8 27. Bg2 Kh8 28. Rd2 b6
29. a4 Be5 30. f4 gxf4 31. Nexf4 Bxf4 32. exf4 Bxd5 33. Bxd5 Qg7 34. Re2 Qf6 35.
Re5 Rde8 36. Qe3 Rxe5 37. fxe5 f4 38. exf6 fxe3 39. f7 Kg7 40. Kf1 h5 41. Ke2 h4
42. Kxe3 Rh8 43. g4 h3 44. Kf4 Rh6 45. g5 Rh4+ 46. Kg3 Rd4 47. Kxh3 Rxd5 48.
cxd5 c4 49. d6 Kxf7 50. g6+ Kxg6 51. d7 c3 52. d8=Q 1-0

[Event "Titled Tue 26th Aug Late"]
[Site "chess.com INT"]
[Date "2025.08.26"]
[Round "1"]
[White "Harriott, Tyrell"]
[Black "Ozates, Tuna"]
[Result "0-1"]
[BlackTitle "FM"]
[WhiteElo "1933"]
[BlackElo "2217"]
[WhiteFideId "2086484"]
[BlackFideId "6354521"]
[EventDate "2025.08.26"]

1. d4 Nf6 2. e3 g6 3. Bd3 Bg7 4. f4 O-O 5. Nf3 d6 6. O-O c5 7. c3 Nc6 8. Bc2 Qc7
9. d5 Nb8 10. c4 e6 11. e4 exd5 12. exd5 Re8 13. Nc3 a6 14. f5 Nbd7 15. fxg6
hxg6 16. Ng5 Ne5 17. b3 Bg4 18. Qd2 b5 19. Bb2 bxc4 20. Qf2 cxb3 21. axb3 c4 22.
Qh4 cxb3 23. Be4 Nc4 24. Rxf6 Bxf6 25. Qh7+ Kf8 26. Nb5 Qc5+ 27. Kh1 Bxg5 28.
Bxg6 Qf2 29. Bc3 Nd2 30. Nc7 Re1+ 0-1

[Event "Titled Tue 26th Aug Late"]
[Site "chess.com INT"]
[Date "2025.08.26"]
[Round "1"]
[White "Rosen, Eric"]
[Black "Abramor, Franco"]
[Result "1-0"]
[WhiteTitle "IM"]
[WhiteElo "2377"]
[BlackElo "2151"]
[WhiteFideId "2032562"]
[BlackFideId "181633"]
[EventDate "2025.08.26"]

1. d4 Nf6 2. Bf4 g6 3. Nc3 Bg7 4. e4 d5 5. e5 Ne4 6. Nce2 g5 7. Be3 c5 8. f3
Qa5+ 9. c3 cxd4 10. Bxd4 Nc6 11. fxe4 dxe4 12. e6 Nxd4 13. exf7+ Kxf7 14. Nxd4
Rd8 15. Bc4+ e6 16. Qh5+ Kg8 17. Nge2 Bxd4 18. Nxd4 Rxd4 19. Qe8+ Kg7 20. O-O
Rd8 21. Qe7+ Kg8 22. Rf7 Qe5 23. Raf1 Bd7 24. Rxh7 Rf8 25. Rxf8+ Rxf8 26. Qxd7
Qc5+ 27. Kh1 1-0

[Event "Titled Tue 26th Aug Late"]
[Site "chess.com INT"]
[Date "2025.08.26"]
[Round "1"]
[White "Calcada, Lucas Galvan"]
[Black "Shandrygin, Nikita"]
[Result "0-1"]
[BlackTitle "FM"]
[WhiteElo "2072"]
[BlackElo "2209"]
[WhiteFideId "22746099"]
[BlackFideId "24198668"]
[EventDate "2025.08.26"]

1. d4 d5 2. Bf4 Nc6 3. e3 Nf6 4. Nf3 Bg4 5. Be2 e6 6. O-O Bd6 7. Ne5 Bxe2 8.
Qxe2 Bxe5 9. dxe5 Nd7 10. Qg4 g6 11. Qg3 h6 12. h4 Qe7 13. Nd2 O-O-O 14. e4 d4
15. Nc4 g5 16. hxg5 Rdg8 17. Qb3 hxg5 18. Bg3 g4 19. f4 Nc5 20. Qa3 Nxe4 21.
Qxe7 Nxe7 22. Bf2 Nf5 23. Rad1 Rh5 24. Be1 Rgh8 0-1

[Event "Titled Tue 26th Aug Late"]
[Site "chess.com INT"]
[Date "2025.08.26"]
[Round "1"]
[White "Buchenau, Frank"]
[Black "Csonka, Balazs"]
[Result "0-1"]
[WhiteTitle "FM"]
[BlackTitle "IM"]
[WhiteElo "2205"]
[BlackElo "2467"]
[WhiteFideId "4604350"]
[BlackFideId "742910"]
[EventDate "2025.08.26"]

1. e4 c5 2. g3 d5 3. exd5 Qxd5 4. Nf3 Qe4+ 5. Be2 Bh3 6. Nc3 Qf5 7. d4 Nc6 8. d5
Nb4 9. Bb5+ Kd8 10. Bf4 Nxc2+ 11. Kd2 Nxa1 12. Ng5 Nh6 13. Nxh3 Qxh3 14. Qe2 a6
15. Bd3 Nf5 16. d6 Nxd6 17. Rxa1 Qd7 18. Rd1 Ke8 19. Kc1 e6 20. Nd5 Rd8 21. Bc2
Be7 22. Nxe7 Qxe7 0-1

[Event "Titled Tue 26th Aug Late"]
[Site "chess.com INT"]
[Date "2025.08.26"]
[Round "1"]
[White "Sroczynski, Maciej"]
[Black "Lortkipanidze, Nodar"]
[Result "1-0"]
[WhiteTitle "FM"]
[BlackTitle "IM"]
[WhiteElo "2236"]
[BlackElo "2359"]
[WhiteFideId "1121472"]
[BlackFideId "13604058"]
[EventDate "2025.08.26"]

1. d4 e6 2. c4 b6 3. e4 Bb7 4. Bd3 f5 5. Qe2 Bb4+ 6. Bd2 Qe7 7. Nf3 Bxd2+ 8.
Nbxd2 fxe4 9. Bxe4 Nc6 10. d5 exd5 11. cxd5 Na5 12. d6 cxd6 13. b4 d5 14. Bd3
Qxe2+ 15. Bxe2 Nc4 16. Nxc4 dxc4 17. Bxc4 Bxf3 18. gxf3 Nf6 19. Kd2 d5 20. Rhe1+
Kf7 21. Bb3 Rad8 22. Rac1 Rc8 23. Kd3 Rhd8 24. Kd4 h5 25. Rxc8 Rxc8 26. Re5 Rc1
27. Bxd5+ Nxd5 28. Kxd5 Kg6 29. Re2 Rh1 30. Kc6 Rxh2 31. Kb7 a5 32. b5 Rh1 33.
Kxb6 h4 34. Kxa5 h3 35. Re8 Ra1 36. a4 h2 37. Rh8 h1=Q 38. Rxh1 Rxh1 39. Kb6 Kf5
40. a5 Kf4 41. a6 Kxf3 42. a7 Ra1 43. Kb7 Kxf2 44. a8=Q Rxa8 45. Kxa8 g5 46. b6
g4 47. b7 g3 48. b8=Q g2 49. Qf4+ Ke2 50. Qg3 Kf1 51. Qf3+ Kg1 52. Kb7 Kh1 53.
Qh5+ Kg1 54. Kc6 Kf2 55. Qf5+ Ke2 56. Qe4+ Kf2 57. Qf4+ Ke2 58. Qg3 Kf1 59. Qf3+
Ke1 60. Qxg2 1-0

[Event "Titled Tue 26th Aug Late"]
[Site "chess.com INT"]
[Date "2025.08.26"]
[Round "1"]
[White "Perelygin, Mikhail"]
[Black "Kao, Jamison Edrich"]
[Result "0-1"]
[WhiteTitle "CM"]
[BlackTitle "CM"]
[WhiteElo "2227"]
[BlackElo "2081"]
[WhiteFideId "24153630"]
[BlackFideId "6007937"]
[EventDate "2025.08.26"]

1. d4 Nf6 2. g3 g6 3. Bg2 Bg7 4. Nf3 O-O 5. O-O d6 6. c4 Nc6 7. Nc3 e5 8. b3
exd4 9. Nxd4 Nxd4 10. Qxd4 d5 11. Bb2 Ne4 12. Qd3 Nxc3 13. Bxc3 dxc4 14. Qxd8
Rxd8 15. Bxg7 Kxg7 16. bxc4 Be6 17. Bxb7 Rab8 18. Bd5 Bxd5 19. cxd5 Rxd5 20.
Rac1 Rb2 21. Rxc7 Rxa2 22. Rfc1 a5 23. Ra7 Rxe2 24. Rcc7 Rf5 25. f4 h6 26. Rc1
Ra2 27. Rcc7 g5 28. fxg5 hxg5 29. Rc1 Kg6 30. Rf1 Rxf1+ 31. Kxf1 f6 32. Ra6 Kf5
33. g4+ Kxg4 34. Rxf6 Rxh2 35. Kg1 Ra2 36. Ra6 Kg3 37. Kf1 g4 38. Rc6 Ra1+ 39.
Ke2 Kg2 40. Rh6 g3 41. Rh8 Ra4 42. Rh6 Re4+ 43. Kd3 Re5 44. Kd2 Kf3 45. Rf6+ Kg2
46. Rh6 Kg1 47. Kd3 g2 48. Kd4 Re2 49. Kd3 Rf2 50. Ke3 Kf1 0-1

[Event "Titled Tue 26th Aug Late"]
[Site "chess.com INT"]
[Date "2025.08.26"]
[Round "1"]
[White "Adewumi, Tanitoluwa"]
[Black "Leitgeb, Julian"]
[Result "1-0"]
[WhiteTitle "IM"]
[BlackTitle "FM"]
[WhiteElo "2421"]
[BlackElo "2311"]
[WhiteFideId "30966396"]
[BlackFideId "1663771"]
[EventDate "2025.08.26"]

1. d4 d5 2. Nf3 e6 3. c4 h6 4. Nc3 Nf6 5. cxd5 exd5 6. Bf4 Bd6 7. Bxd6 Qxd6 8.
e3 O-O 9. h3 c6 10. Bd3 Re8 11. Qc2 Nbd7 12. O-O Qe7 13. Nd2 Nf8 14. a3 Ne6 15.
b4 Ng5 16. Rae1 Nfe4 17. f3 Ng3 18. Rf2 Bxh3 19. f4 N5e4 20. Bxe4 dxe4 21. gxh3
Qh4 22. Kg2 Re6 23. Ndxe4 Rg6 24. Kh2 f5 25. Rg2 fxe4 26. Nxe4 Nxe4 27. Rxg6
Qxe1 28. Qxe4 Qf2+ 29. Rg2 Qh4 30. Qe5 g5 31. fxg5 h5 32. Qe6+ 1-0

[Event "Titled Tue 26th Aug Late"]
[Site "chess.com INT"]
[Date "2025.08.26"]
[Round "1"]
[White "Fuentes, Agustin"]
[Black "Shurakov, Denis"]
[Result "0-1"]
[BlackTitle "CM"]
[WhiteElo "1924"]
[BlackElo "2085"]
[WhiteFideId "140040"]
[BlackFideId "4149734"]
[EventDate "2025.08.26"]

1. e4 b6 2. d4 Bb7 3. Bd3 e6 4. Nf3 c5 5. O-O cxd4 6. Nxd4 Nc6 7. Nxc6 Bxc6 8.
c4 d6 9. Nc3 Nf6 10. f4 Qc7 11. Qe2 Be7 12. Bd2 O-O 13. Rac1 Rad8 14. Rfd1 Qb7
15. g4 d5 16. cxd5 exd5 17. e5 Ne4 18. Ba6 Bc5+ 19. Be3 Bxe3+ 20. Qxe3 Qxa6 21.
Nxe4 dxe4 22. Rxd8 Rxd8 23. Rxc6 Qxa2 24. Qxe4 Qxb2 25. Qd5 Rf8 26. e6 fxe6 27.
Qxe6+ Kh8 28. Rc8 Qd4+ 29. Kg2 Qxf4 30. h3 h6 31. Rxf8+ Qxf8 32. Qd7 Qa8+ 33.
Kg1 a5 34. Qa4 Qd8 35. Qb5 Qd6 36. h4 Qc5+ 37. Qxc5 bxc5 0-1

[Event "Titled Tue 26th Aug Late"]
[Site "chess.com INT"]
[Date "2025.08.26"]
[Round "1"]
[White "Hernandez Leon, Sergio"]
[Black "Nasuta, Grzegorz"]
[Result "1-0"]
[WhiteTitle "CM"]
[BlackTitle "GM"]
[WhiteElo "2117"]
[BlackElo "2513"]
[WhiteFideId "2285622"]
[BlackFideId "1141686"]
[EventDate "2025.08.26"]

1. e4 c5 2. Nc3 e6 3. g3 d5 4. exd5 exd5 5. Bg2 Nf6 6. d3 d4 7. Ne4 Nc6 8. Ne2
Be7 9. O-O O-O 10. Nf4 Bf5 11. Nxf6+ Bxf6 12. Nd5 Be5 13. Bf4 Re8 14. Re1 Qd7
15. Qd2 h6 16. Bxe5 Nxe5 17. Qf4 f6 18. Nc7 Qxc7 19. Qxf5 Re7 20. f4 Nf7 21. Be4
Rae8 22. Kf2 Kf8 23. Bd5 b6 24. Qh7 Re3 25. Rxe3 dxe3+ 26. Ke2 Qd7 27. c4 Qh3
28. Qg6 Qxh2+ 29. Kf3 Qf2+ 30. Kg4 Qe2+ 31. Kh3 1-0

[Event "Titled Tue 26th Aug Late"]
[Site "chess.com INT"]
[Date "2025.08.26"]
[Round "1"]
[White "Mottola, Max"]
[Black "Atanasov, Anthony"]
[Result "0-1"]
[BlackTitle "IM"]
[WhiteElo "2183"]
[BlackElo "2411"]
[WhiteFideId "30985862"]
[BlackFideId "2623897"]
[EventDate "2025.08.26"]

1. d4 d5 2. Nf3 Nf6 3. Bf4 c5 4. e3 cxd4 5. exd4 Bf5 6. Nbd2 e6 7. c3 Bd6 8.
Bxd6 Qxd6 9. Be2 O-O 10. Nh4 Be4 11. Nxe4 dxe4 12. g3 Nc6 13. O-O Rad8 14. Ng2
e5 15. dxe5 Qxe5 16. Qc1 Nd5 17. Rd1 g6 18. Bc4 Nce7 19. Ne3 Nf6 20. Qc2 b6 21.
Rxd8 Rxd8 22. Rd1 Rxd1+ 23. Qxd1 Nf5 24. Qd8+ Kg7 25. Nxf5+ Qxf5 26. Qd4 h5 27.
h4 g5 28. hxg5 Qxg5 29. Qd8 e3 30. Qc7 exf2+ 31. Kxf2 Ne4+ 32. Kg2 Qd2+ 33. Kh3
Ng5+ 34. Kh4 Nf3+ 0-1

[Event "Titled Tue 26th Aug Late"]
[Site "chess.com INT"]
[Date "2025.08.26"]
[Round "1"]
[White "Taylor, Tristan"]
[Black "Eminov, Orkhan"]
[Result "1-0"]
[BlackTitle "FM"]
[WhiteElo "1973"]
[BlackElo "2246"]
[WhiteFideId "2635054"]
[BlackFideId "13402153"]
[EventDate "2025.08.26"]

1. e4 c5 2. Nf3 Nc6 3. d4 cxd4 4. Nxd4 e5 5. Nb5 d6 6. N1c3 a6 7. Na3 b5 8. Nd5
Nge7 9. c4 Nxd5 10. exd5 Nd4 11. Nc2 Bg4 12. f3 Qh4+ 13. g3 Nxf3+ 14. Qxf3 Bxf3
15. gxh4 Bxh1 16. cxb5 Bxd5 17. bxa6 Be7 18. Ne3 Bxh4+ 19. Kd2 Bg5 20. b4 Kd7
21. a4 Bh1 22. b5 d5 23. Kc2 Rhc8+ 24. Kb3 d4 25. Bh3+ Ke7 26. Bxc8 Rxc8 27.
Ba3+ Ke6 28. Rxh1 Rc3+ 29. Kb2 Bxe3 30. a7 Rc8 31. b6 d3 32. a5 d2 33. b7 Rc1
34. b8=Q Bd4+ 35. Kb3 Rxh1 36. Qc8+ Kf6 37. Qc6+ Kg5 38. Qxh1 e4 39. a8=Q e3 40.
Qaf3 f5 41. Bb2 Bc5 42. Kc2 f4 43. Kd3 Kf5 44. Bd4 g5 45. Bxc5 g4 46. Qd5+ Kf6
47. Qd1 f3 48. Kxe3 f2 49. Kxf2 g3+ 50. Kxg3 Kg6 51. Q1xd2 h5 52. Q2g5+ 1-0

[Event "Titled Tue 26th Aug Late"]
[Site "chess.com INT"]
[Date "2025.08.26"]
[Round "1"]
[White "Bagchi, Sounak"]
[Black "Arabidze, Meri"]
[Result "0-1"]
[BlackTitle "IM"]
[WhiteElo "2030"]
[BlackElo "2444"]
[WhiteFideId "30970059"]
[BlackFideId "13604040"]
[EventDate "2025.08.26"]

1. e4 c5 2. Nf3 e6 3. g3 d5 4. exd5 exd5 5. d4 cxd4 6. Nxd4 Nc6 7. Bb5 Bd7 8.
O-O Bd6 9. Nc3 Nge7 10. Be3 a6 11. Be2 O-O 12. Bf3 Bh3 13. Re1 Ne5 14. Bh1 Nc4
15. Bc1 Bc5 16. Nb3 Ba7 17. Nxd5 Nxd5 18. Qxd5 Qb6 19. Be3 Nxe3 20. Rxe3 Qf6 21.
Re2 Bg4 22. Rd2 Rad8 23. Qa5 Rxd2 24. Qxd2 Rd8 25. Qe1 Qxb2 26. Bxb7 h5 27. Kg2
Qxc2 28. Be4 Qc8 29. Rc1 Bh3+ 30. Kg1 Qe6 31. Bg2 Qf5 32. Bxh3 Qxh3 33. Qe7 Bb6
34. Rf1 a5 35. Qb7 Qe6 36. Nc1 h4 37. Nd3 Rxd3 38. Qa8+ Kh7 39. Qg2 h3 40. Qb7
Rd5 41. a4 Rf5 42. Qb8 Rxf2 0-1

[Event "Titled Tue 26th Aug Late"]
[Site "chess.com INT"]
[Date "2025.08.26"]
[Round "1"]
[White "Zhukovskyi, Oleksandr"]
[Black "Powell, Paul"]
[Result "1-0"]
[WhiteTitle "CM"]
[BlackTitle "CM"]
[WhiteElo "2145"]
[BlackElo "2270"]
[WhiteFideId "14169371"]
[BlackFideId "2005840"]
[EventDate "2025.08.26"]

1. e4 c5 2. Nf3 g6 3. c3 Nf6 4. e5 Nd5 5. d4 cxd4 6. cxd4 Bg7 7. Bc4 Nc7 8. O-O
O-O 9. Nc3 a6 10. a4 Nc6 11. Re1 Rb8 12. d5 Nb4 13. Qb3 a5 14. d6 exd6 15. exd6
Ne6 16. Nb5 b6 17. Be3 Bb7 18. Nfd4 Nc5 19. Qd1 Qh4 20. Bf1 Rfe8 21. Nc7 Re5 22.
Nf3 Bxf3 23. Qxf3 Nc2 24. Bc4 Nxa1 25. Qxf7+ Kh8 26. Rxa1 Rf8 27. g3 Qh5 28.
Qxf8+ Bxf8 29. Bd4 Bg7 30. Bxe5 Qxe5 31. Rd1 h5 32. Nb5 Qxb2 33. Re1 1-0

[Event "Titled Tue 26th Aug Late"]
[Site "chess.com INT"]
[Date "2025.08.26"]
[Round "1"]
[White "Benmesbah, Natacha"]
[Black "Hungaski, Robert"]
[Result "0-1"]
[WhiteTitle "WGM"]
[BlackTitle "GM"]
[WhiteElo "2237"]
[BlackElo "2477"]
[WhiteFideId "642002"]
[BlackFideId "2021030"]
[EventDate "2025.08.26"]

1. e4 e5 2. Nf3 Nf6 3. d4 Nxe4 4. Bd3 Nc6 5. dxe5 d5 6. exd6 Nxd6 7. O-O Be7 8.
h3 Bf5 9. Re1 Qd7 10. Bxf5 Qxf5 11. Nd4 Nxd4 12. Qxd4 Kf8 13. Nc3 Bf6 14. Qa4
Bxc3 15. bxc3 Qb5 16. Qd4 Qc4 17. Bf4 Qxd4 18. cxd4 Rd8 19. Rab1 b6 20. c3 f6
21. Re2 Kf7 22. Rbe1 Rhe8 23. Rxe8 Rxe8 24. Rxe8 Kxe8 25. f3 Kd7 26. Kf2 Nc4 27.
Ke2 c6 28. Kd3 b5 29. Bb8 a5 30. g4 Ke6 31. Bg3 g6 32. Bc7 a4 33. Bg3 f5 34. Bf4
Kd5 35. h4 h5 36. gxh5 gxh5 37. Bc1 Nb6 38. Ke3 Ke6 39. Kf4 Kf6 40. Ke3 Nd5+ 41.
Kd3 f4 42. c4 Nb4+ 43. Kc3 Nxa2+ 44. Kc2 Nxc1 45. cxb5 cxb5 46. Kxc1 Ke6 47. Kc2
Kd5 48. Kc3 a3 49. Kb3 Kxd4 50. Kxa3 Ke3 51. Kb4 Kxf3 52. Kxb5 Kg4 53. Kc4 Kxh4
54. Kd4 Kg3 0-1

[Event "Titled Tue 26th Aug Late"]
[Site "chess.com INT"]
[Date "2025.08.26"]
[Round "1"]
[White "Vazelakis, Dimitrios"]
[Black "Jimenez Salas, Maria Teresa"]
[Result "0-1"]
[BlackTitle "WIM"]
[WhiteElo "1858"]
[BlackElo "2249"]
[WhiteFideId "4203674"]
[BlackFideId "3843866"]
[EventDate "2025.08.26"]

1. d4 d5 2. Nf3 Nf6 3. g3 Bf5 4. c4 c6 5. Qb3 Qb6 6. Nc3 dxc4 7. Qxc4 Nbd7 8.
Bg2 e6 9. O-O Be7 10. Nh4 Bg6 11. Nxg6 hxg6 12. e4 O-O 13. a3 e5 14. Be3 Qc7 15.
h3 Nb6 16. Qa2 exd4 17. Bxd4 Rad8 18. Rad1 Rfe8 19. Be3 Bf8 20. b4 Qe5 21. Qb3
Nh5 22. f4 Qc7 23. Bf2 a6 24. e5 c5 25. Rc1 c4 26. Qc2 g5 27. fxg5 Rxe5 28. Rce1
Rxg5 29. Qe4 Nxg3 30. Qh4 Rg6 31. Bxg3 Rxg3 32. Rf4 Rg6 33. Ref1 Be7 34. Rxf7
Re8 35. Qh5 Qc6 36. Qf5 Qxg2# 0-1

[Event "Titled Tue 26th Aug Late"]
[Site "chess.com INT"]
[Date "2025.08.26"]
[Round "1"]
[White "Banzea, Alexandru-Bogdan"]
[Black "Petersson, Kjell"]
[Result "1-0"]
[WhiteTitle "IM"]
[BlackTitle "CM"]
[WhiteElo "2394"]
[BlackElo "2078"]
[WhiteFideId "1232622"]
[BlackFideId "1705148"]
[EventDate "2025.08.26"]

1. d4 f5 2. Nc3 Nf6 3. Bg5 d5 4. e3 e6 5. Bd3 c6 6. Nf3 Bd6 7. O-O h6 8. Bf4 O-O
9. Ne2 Ne4 10. c4 Bxf4 11. exf4 Nd7 12. c5 Ndf6 13. b4 Bd7 14. Ne5 Qe8 15. f3 a6
16. fxe4 fxe4 17. Bc2 Kh8 18. Qd2 Rd8 19. Qc3 Qh5 20. Qd2 Ng4 21. Nxg4 Qxg4 22.
Nc3 Rf5 23. Nd1 Qg6 24. Ne3 Rh5 25. Bd1 Rh4 26. g3 Rh3 27. Bg4 Rxg3+ 28. hxg3 h5
29. Qh2 Kg8 30. Qxh5 Qf6 31. Qg5 Rf8 32. Qxf6 gxf6 33. Kg2 f5 34. Be2 Kf7 35.
Rh1 Rg8 36. Rh7+ Ke8 37. Rah1 Bc8 38. Rh8 Kf8 39. Rxg8+ Kxg8 40. g4 Kf7 41. Rh7+
Kg8 42. Rc7 1-0

[Event "Titled Tue 26th Aug Late"]
[Site "chess.com INT"]
[Date "2025.08.26"]
[Round "1"]
[White "Rustemov, Alexander"]
[Black "Atis, Hasan"]
[Result "1-0"]
[WhiteTitle "GM"]
[BlackTitle "CM"]
[WhiteElo "2525"]
[BlackElo "2104"]
[WhiteFideId "4119002"]
[BlackFideId "44598017"]
[EventDate "2025.08.26"]

1. d4 Nf6 2. c4 e6 3. Nf3 Bb4+ 4. Bd2 a5 5. Nc3 b6 6. Bg5 Bb7 7. e3 Be7 8. Bd3
d6 9. O-O Nbd7 10. Qe2 O-O 11. e4 e5 12. Rfe1 Re8 13. Rad1 Bc8 14. Be3 Bf8 15.
h3 Ba6 16. b3 exd4 17. Nxd4 Nc5 18. f3 Nh5 19. Bc2 g6 20. Qf2 Bg7 21. g4 Nf6 22.
Ndb5 Qc8 23. Bd4 Nfd7 24. Bxg7 Kxg7 25. Nd5 Bxb5 26. cxb5 Ra7 27. Qd4+ Kg8 28.
f4 Qd8 29. Kg2 Qh4 30. Re2 h5 31. Qf2 Qxf2+ 32. Kxf2 hxg4 33. hxg4 Kg7 34. g5
Ne6 35. Kg3 Rh8 36. Rh2 Rxh2 37. Kxh2 f6 38. gxf6+ Nxf6 39. Nxf6 Kxf6 40. Kg3
Ra8 41. Rh1 Rg8 42. Rh7 Rg7 43. Rh8 g5 44. Rh6+ Kf7 45. f5 Nc5 46. a3 Nd7 47.
Bd3 Ke7 48. Re6+ Kf8 49. Be2 Rh7 50. Rg6 Rh4 51. Bf3 Ne5 52. Rxg5 Rh6 53. a4 Kf7
54. Rh5 Rf6 55. Rh7+ Ke8 56. Rxc7 Rh6 57. Rb7 Kd8 58. Rxb6 Kc7 59. Ra6 Rh7 60.
Rxa5 Rg7+ 61. Kf2 Rg1 62. Kxg1 1-0

[Event "Titled Tue 26th Aug Late"]
[Site "chess.com INT"]
[Date "2025.08.26"]
[Round "1"]
[White "Gatineau, Yovann"]
[Black "Sarkar, Justin"]
[Result "1-0"]
[WhiteTitle "IM"]
[BlackTitle "IM"]
[WhiteElo "2371"]
[BlackElo "2286"]
[WhiteFideId "26028999"]
[BlackFideId "2010011"]
[EventDate "2025.08.26"]

1. d4 Nf6 2. c4 c5 3. d5 e6 4. Nc3 exd5 5. cxd5 d6 6. Nf3 g6 7. Bf4 Bg7 8. Qa4+
Bd7 9. Qb3 b5 10. Bxd6 Qb6 11. Be5 O-O 12. e3 c4 13. Qd1 Bf5 14. Be2 Nbd7 15.
Bd4 Qb7 16. O-O b4 17. Na4 Qxd5 18. Bxf6 Nxf6 19. Qxd5 Nxd5 20. Bxc4 Nb6 21.
Nxb6 axb6 22. Nd4 Bxd4 23. exd4 Rfd8 24. Rad1 Rd6 25. Rd2 b5 26. Bb3 Be6 27. d5
Bf5 28. Rd4 Rc8 29. Rxb4 Rc5 30. f3 Bd3 31. Rd1 Bc4 32. Bxc4 bxc4 33. h3 c3 34.
bxc3 Rxc3 35. Rd2 Ra3 36. Rb3 Ra5 37. Rbd3 Kf8 38. Kf2 Ke8 39. Re3+ Kd7 40. Re5 1-0

[Event "Titled Tue 26th Aug Late"]
[Site "chess.com INT"]
[Date "2025.08.26"]
[Round "1"]
[White "Estrada Nieto, Julian"]
[Black "Sheehan, Ethan"]
[Result "0-1"]
[WhiteTitle "IM"]
[WhiteElo "2182"]
[BlackElo "2323"]
[WhiteFideId "5101018"]
[BlackFideId "30943965"]
[EventDate "2025.08.26"]

1. e4 g6 2. d4 Bg7 3. Nf3 d6 4. Be2 Bg4 5. Nc3 Nc6 6. Be3 e5 7. dxe5 Bxf3 8.
Bxf3 Nxe5 9. Be2 Ne7 10. O-O O-O 11. f4 N5c6 12. f5 Be5 13. Bh6 Nd4 14. Bxf8
Qxf8 15. fxg6 hxg6 16. Bc4 Qh6 17. g3 Rf8 18. Qc1 Qh5 19. Kg2 Kg7 20. Qd1 Qxd1
21. Raxd1 Nxc2 22. Rd3 c6 23. Nd1 f5 24. Bb3 fxe4 25. Rxf8 Kxf8 26. Rd2 Nd4 27.
Rf2+ Ke8 28. Bf7+ Kd7 29. Ne3 d5 30. h4 Ndf5 31. Nxf5 gxf5 32. h5 d4 33. h6 d3
34. Bc4 Nd5 35. Bxd5 cxd5 36. Rxf5 d2 37. Rf1 d4 38. h7 d3 39. g4 e3 40. Rf5
d1=Q 41. Rxe5 Qxg4+ 42. Kh2 Qf4+ 43. Kh3 Qxe5 0-1